[Event "Sparkassen-Open A"]
[Site "Heusenstamm, Martinsee"]
[Date "2022.11.19"]
[Round "5.65"]
[White "Plaumann, Arvin"]
[Black "Trumpp, Lothar"]
[Result "1/2-1/2"]
[WhiteElo "1744"]
[BlackElo "1915"]
[PlyCount "64"]
[EventDate "2022.??.??"]
[WhiteTeam "Sfr.Heidesheim"]
[BlackTeam "VSG 1880 Offenbach"]

1. d4 Nf6 2. g3 d5 3. Nf3 c6 4. Bg2 Bf5 5. c4 e6 6. Qb3 Qb6 7. c5 Qxb3 8. axb3
Be7 9. Bf4 h6 10. Nc3 O-O 11. b4 g5 12. Bd2 Ne4 13. b5 Nxc3 14. bxc6 Nxc6 15.
Bxc3 a5 16. O-O b6 17. cxb6 Rfb8 18. Ne5 Nxe5 19. dxe5 Rxb6 20. f3 Bc5+ 21. Kh1
d4 22. b4 dxc3 23. bxc5 Rb5 24. f4 Rd8 25. c6 Rc5 26. Kg1 Rd2 27. Kf2 Kf8 28.
Ke3 Ke8 29. Rfd1 Rxd1 30. Rxd1 c2 31. Rc1 a4 32. Kd4 Ra5 1/2-1/2

[Event "Sparkassen-Open A"]
[Site "Heusenstamm, Martinsee"]
[Date "2022.11.19"]
[Round "5.67"]
[White "Blaschke, Henri Johannes"]
[Black "Klein, Levent"]
[Result "1-0"]
[WhiteElo "1822"]
[BlackElo "1486"]
[PlyCount "83"]
[EventDate "2022.??.??"]
[WhiteTeam "SK Vellmar"]
[BlackTeam "SC Weilerbach"]

1. d4 e6 2. c4 d5 3. Nf3 h6 4. g3 Nf6 5. Bg2 Bd6 6. O-O O-O 7. b3 c6 8. Bb2 Re8
9. Nbd2 Nbd7 10. Ne5 c5 11. e3 Nb6 12. Rc1 Bxe5 13. dxe5 Nfd7 14. a4 a5 15. Nb1
dxc4 16. bxc4 Nb8 17. Qb3 Qc7 18. Na3 Bd7 19. Nb5 Bxb5 20. Qxb5 Nc6 21. Rfd1
Nd7 22. f4 Ra6 23. Bc3 Rb6 24. Rxd7 Qxd7 25. Qxb6 Qd3 26. Kf2 Nb4 27. Bxb4 axb4
28. Qd6 Qa3 29. Rd1 Qa2+ 30. Qd2 Qxa4 31. Qd7 Ra8 32. Qxa4 Rxa4 33. Rd8+ Kh7
34. Be4+ g6 35. Rd7 b3 36. Rxf7+ Kg8 37. Rxb7 Rxc4 38. Bxg6 Rc2+ 39. Kf3 c4 40.
Bf7+ Kh8 41. Bxe6 b2 42. Rh7+ 1-0

[Event "Sparkassen-Open A"]
[Site "Heusenstamm, Martinsee"]
[Date "2022.11.19"]
[Round "5.68"]
[White "Blomer, Moritz"]
[Black "Mohr, Thomas"]
[Result "1-0"]
[WhiteElo "1614"]
[BlackElo "1886"]
[PlyCount "65"]
[EventDate "2022.??.??"]
[WhiteTeam "SG Porz"]
[BlackTeam "SC FK Babenhausen 1994"]

1. Nf3 Nf6 2. g3 g6 3. Bg2 Bg7 4. O-O O-O 5. d4 c6 6. c4 d5 7. b3 e6 8. Bb2 b6
9. Ne5 Bb7 10. Nd2 Nbd7 11. Ndf3 Nxe5 12. Nxe5 Nd7 13. Qc2 Nxe5 14. dxe5 f6 15.
exf6 Bxf6 16. Rad1 Qe7 17. e4 Bxb2 18. Qxb2 dxc4 19. bxc4 c5 20. e5 Bxg2 21.
Kxg2 Rad8 22. Qe2 Rxd1 23. Rxd1 Rd8 24. Rd3 Rxd3 25. Qxd3 g5 26. h3 Kf8 27. Kf1
Qb7 28. Qd8+ Kf7 29. Qf6+ Kg8 30. Qxg5+ Kh8 31. Qf6+ Kg8 32. Qxe6+ Kh8 33. Qd5
1-0

[Event "Sparkassen-Open A"]
[Site "Heusenstamm, Martinsee"]
[Date "2022.11.19"]
[Round "5.69"]
[White "Weyerer, Noah"]
[Black "Nickel, Rüdiger"]
[Result "0-1"]
[WhiteElo "1605"]
[BlackElo "2039"]
[PlyCount "110"]
[EventDate "2022.??.??"]
[WhiteTeam "SV Oberursel"]
[BlackTeam "SK Dinkelsbühl"]

1. c4 Nf6 2. Nc3 g6 3. g3 Bg7 4. Bg2 d6 5. e4 c5 6. Nge2 Nc6 7. d3 Bg4 8. Be3
O-O 9. Qd2 Bxe2 10. Qxe2 Nd4 11. Bxd4 cxd4 12. Nd1 Nd7 13. O-O Rb8 14. a4 a5
15. Qc2 Nc5 16. f4 f5 17. exf5 gxf5 18. Bh3 Kh8 19. Qe2 e6 20. Nf2 Rf6 21. Bg2
Rg6 22. Nh3 Bf6 23. Kh1 Qf8 24. Ng1 Qh6 25. Rf3 Rbg8 26. Qf2 b6 27. Ra3 Qh5 28.
Ne2 Qh6 29. Kg1 Qg7 30. Bh3 Rh6 31. Kg2 Rh5 32. Ng1 Qd7 33. Ne2 Rg6 34. b3 Qb7
35. Ng1 Nxd3 36. Qd2 Nc5 37. b4 Ne4 38. Qd1 Qc6 39. bxa5 bxa5 40. Rab3 Rg8 41.
Rb5 Nc3 42. Qb3 Nxb5 43. cxb5 Qd7 44. Rd3 e5 45. fxe5 dxe5 46. b6 Rb8 47. Qd1
Qd5+ 48. Qf3 Qxf3+ 49. Rxf3 Rxb6 50. Bxf5 Rb2+ 51. Kf1 Rhxh2 52. Be4 Kg7 53.
Bd3 Ra2 54. Bb1 Rxa4 55. Rb3 Rb4 0-1

[Event "Sparkassen-Open A"]
[Site "Heusenstamm, Martinsee"]
[Date "2022.11.19"]
[Round "5.70"]
[White "Calvi, Stefan"]
[Black "Hinz, André"]
[Result "0-1"]
[WhiteElo "2016"]
[BlackElo "1668"]
[PlyCount "46"]
[EventDate "2022.??.??"]
[WhiteTeam "SV Oberursel"]
[BlackTeam "SC Brett vorm Kopp Ffm"]

1. e4 e5 2. Nf3 Nf6 3. Nxe5 d6 4. Nf3 Nxe4 5. Nc3 Nxc3 6. dxc3 Be7 7. Be3 O-O
8. Qd2 Nd7 9. O-O-O Nf6 10. Bd3 c5 11. c4 b5 12. h3 bxc4 13. Bxc4 Rb8 14. Bf4
Qb6 15. b3 Rd8 16. Qe2 Bf8 17. Ng5 Rb7 18. Rhe1 d5 19. Qd2 h6 20. Nf3 Rbd7 21.
Bf1 Ne4 22. Qe3 Qa5 23. Kb1 Nc3+ 0-1

[Event "Sparkassen-Open A"]
[Site "Heusenstamm, Martinsee"]
[Date "2022.11.19"]
[Round "5.71"]
[White "Thomas, Tobias"]
[Black "Colditz, Elias"]
[Result "1-0"]
[WhiteElo "1939"]
[BlackElo "1680"]
[PlyCount "61"]
[EventDate "2022.??.??"]
[WhiteTeam "SK Langen"]
[BlackTeam "SV Multatuli Ingelheim"]

1. e4 c5 2. Nf3 a6 3. c3 d5 4. exd5 Qxd5 5. d4 Bg4 6. Nbd2 cxd4 7. cxd4 Nf6 8.
Bc4 Qh5 9. Qb3 b5 10. Ne5 e6 11. a4 Bd1 12. Qxd1 Qxd1+ 13. Kxd1 bxc4 14. Ndxc4
Be7 15. Be3 Nbd7 16. Ke2 O-O 17. Rhc1 Nxe5 18. dxe5 Nd5 19. Nb6 Rab8 20. a5
Rfd8 21. Rc2 Bb4 22. Nc4 Rb5 23. Bb6 Rd7 24. Nd6 Bxd6 25. exd6 Nxb6 26. axb6 g6
27. Rc6 Rxb2+ 28. Ke1 Rb5 29. Rxa6 Rd5 30. Ra7 Rd8 31. b7 1-0

[Event "Sparkassen-Open A"]
[Site "Heusenstamm, Martinsee"]
[Date "2022.11.19"]
[Round "5.72"]
[White "Marchese, Gaspare"]
[Black "Voss, Georg"]
[Result "0-1"]
[WhiteElo "1803"]
[BlackElo "1947"]
[PlyCount "92"]
[EventDate "2022.??.??"]
[WhiteTeam "SC Matt im Park Ffm"]
[BlackTeam "SV Meschede"]

1. e4 d5 2. exd5 Qxd5 3. Nc3 Qd8 4. Bc4 g6 5. Nf3 Bg7 6. O-O Nh6 7. h3 Nf5 8.
d3 O-O 9. a3 Nc6 10. Ne2 e5 11. c3 Nh4 12. Nxh4 Qxh4 13. Ng3 Kh8 14. Ne4 h6 15.
Qf3 Qe7 16. Qg3 Kh7 17. Be3 b6 18. f4 f5 19. Nd2 Na5 20. Ba2 e4 21. Rae1 Ba6
22. Bb1 Rad8 23. Bf2 Qd6 24. Re3 Bxd3 25. Bxd3 exd3 26. Rfe1 g5 27. Re6 Qxf4
28. Qxf4 gxf4 29. Re7 c5 30. R1e6 Rc8 31. Bh4 Nc6 32. Rd7 Kg8 33. Rxd3 Rfe8 34.
Red6 Ne5 35. R3d5 c4 36. Nf3 Nd3 37. Rxf5 Rf8 38. Rfd5 Rce8 39. Kf1 Nxb2 40.
Rd7 Rf7 41. Nd4 Nd1 42. Rxf7 Ne3+ 43. Kf2 Nxd5 44. Rxa7 Bxd4+ 45. cxd4 c3 46.
Ra4 Rc8 0-1

[Event "Sparkassen-Open A"]
[Site "Heusenstamm, Martinsee"]
[Date "2022.11.19"]
[Round "5.73"]
[White "Rabiya, Karim"]
[Black "Makilla, Tobias"]
[Result "0-1"]
[WhiteElo "1799"]
[BlackElo "1939"]
[PlyCount "73"]
[EventDate "2022.??.??"]
[WhiteTeam "SK Niederbrechen 1948"]
[BlackTeam "SC 1979 Hattersheim"]

1. e4 g6 2. d4 Bg7 3. c3 d6 4. Be3 Nc6 5. f4 e5 6. Nf3 Nf6 7. Nbd2 Ng4 8. Qe2
O-O 9. fxe5 Nxe3 10. Qxe3 dxe5 11. d5 Ne7 12. O-O-O c6 13. Nc4 cxd5 14. Ncxe5
Qa5 15. exd5 Qxa2 16. Bc4 Qa1+ 17. Kc2 Bf5+ 18. Kb3 Qa5 19. Ra1 Nxd5 20. Qd4
Qb6+ 21. Ka3 Qxd4 22. cxd4 Ne3 23. Bb3 Nc2+ 24. Bxc2 Bxc2 25. Rac1 Rfc8 26.
Rhf1 Bh6 27. Rce1 Bf8+ 28. Ka2 f6 29. Nd7 Rc6 30. b3 Bb4 31. Rc1 Rac8 32. Kb2
Kg7 33. d5 R6c7 34. Nxf6 Kxf6 35. Nd4+ Bf5 36. Rxc7 Rxc7 37. g4 0-1

[Event "Sparkassen-Open A"]
[Site "Heusenstamm, Martinsee"]
[Date "2022.11.19"]
[Round "5.74"]
[White "Ploder, Udo"]
[Black "Fröhlich-Dill, Astrid"]
[Result "1-0"]
[WhiteElo "1879"]
[BlackElo "1799"]
[PlyCount "89"]
[EventDate "2022.??.??"]
[WhiteTeam "SF Braunfels"]
[BlackTeam "SV 1920 Hofheim"]

1. e4 e6 2. d4 b6 3. Bd3 Bb7 4. Nf3 c5 5. c3 cxd4 6. cxd4 Nc6 7. a3 Nf6 8. Nc3
d6 9. O-O Be7 10. Qe2 O-O 11. Rd1 d5 12. e5 Ne8 13. Bf4 Rc8 14. Rac1 g6 15. Qe3
Ng7 16. Bg5 Bxg5 17. Nxg5 f5 18. f4 h6 19. Nf3 a6 20. b4 b5 21. Nd2 g5 22. Nb3
gxf4 23. Qxf4 Qg5 24. Ne2 Rf7 25. h4 Qxf4 26. Nxf4 Rfc7 27. Rc2 Nd8 28. Nc5 Rc6
29. Rf2 R6c7 30. Be2 Kf7 31. g4 Re7 32. g5 hxg5 33. hxg5 Nc6 34. Rh2 Rg8 35.
Rh7 Ke8 36. Kf2 Bc8 37. Ke3 Kd8 38. Rdh1 Kc7 39. Rh8 Ree8 40. Rxg8 Rxg8 41. Rh7
Kb8 42. Rh6 Nd8 43. Rg6 Ka7 44. Nh5 f4+ 45. Kd3 1-0

[Event "Sparkassen-Open A"]
[Site "Heusenstamm, Martinsee"]
[Date "2022.11.19"]
[Round "5.75"]
[White "Ahrends, Norbert"]
[Black "Schellen, Sven"]
[Result "1-0"]
[WhiteElo "1919"]
[BlackElo "1789"]
[PlyCount "65"]
[EventDate "2022.??.??"]
[WhiteTeam "SC Flörsheim 1921"]
[BlackTeam "SV Frankfurt Nord 1926"]

1. d4 d5 2. c4 e6 3. Nc3 c5 4. Nf3 Nc6 5. cxd5 exd5 6. e3 Nf6 7. Be2 Bd6 8. Nb5
O-O 9. Nxd6 Qxd6 10. O-O Re8 11. dxc5 Qxc5 12. a3 Bf5 13. b4 Qb6 14. Bb2 Ne7
15. Bd4 Qd6 16. Nh4 Rad8 17. Nxf5 Nxf5 18. Bc5 Qb8 19. b5 b6 20. Bb4 d4 21. Qc2
g6 22. Bd3 Ng4 23. g3 Nh4 24. e4 Nf3+ 25. Kg2 Nfe5 26. Bd2 Nxd3 27. Qxd3 Ne5
28. Qb3 Qb7 29. f3 Rc8 30. Rac1 Rxc1 31. Bxc1 Kg7 32. Bb2 Rd8 33. Rd1 $138 1-0

[Event "Sparkassen-Open A"]
[Site "Heusenstamm, Martinsee"]
[Date "2022.11.19"]
[Round "5.77"]
[White "Wachsmann, Elmar"]
[Black "Meyer-Jany, Marcel"]
[Result "1-0"]
[WhiteElo "1858"]
[BlackElo "1766"]
[PlyCount "49"]
[EventDate "2022.??.??"]
[WhiteTeam "SC Groß-Umstadt"]
[BlackTeam "SK Herborn 1946"]

1. d4 Nf6 2. c4 e6 3. Nc3 Bb4 4. e3 O-O 5. Bd3 b6 6. Nf3 Bb7 7. O-O d5 8. a3
Bxc3 9. bxc3 dxc4 10. Bxc4 Ne4 11. Bd3 Nd7 12. Qc2 Ndf6 13. Ne5 c5 14. Bb2 Rc8
15. c4 Qe7 16. Rfd1 Nd6 17. f3 h6 18. a4 cxd4 19. exd4 Nd5 20. Qd2 Nf6 21. Ba3
Ba8 22. c5 bxc5 23. dxc5 Nde8 24. c6 Nd6 25. Bxd6 1-0

[Event "Sparkassen-Open A"]
[Site "Heusenstamm, Martinsee"]
[Date "2022.11.19"]
[Round "5.78"]
[White "Lotz, Ralf"]
[Black "Lorenz, Alexander"]
[Result "1-0"]
[WhiteElo "1890"]
[BlackElo "1691"]
[PlyCount "125"]
[EventDate "2022.??.??"]
[WhiteTeam "SC 1952 Obertshausen"]
[BlackTeam "SV Bergwinkel"]

1. d4 Nf6 2. Nf3 g6 3. c4 Bg7 4. Nc3 d6 5. e3 O-O 6. Bd3 c5 7. O-O cxd4 8. exd4
Nc6 9. a3 b6 10. h3 e6 11. Bg5 Qd7 12. Re1 Bb7 13. Rc1 Rac8 14. b4 Nh5 15. d5
exd5 16. Nxd5 Rfe8 17. Qd2 Ne5 18. Nxe5 dxe5 19. Be2 Bxd5 20. Qxd5 Qxd5 21.
cxd5 Nf6 22. d6 Rxc1 23. Rxc1 Rd8 24. d7 Kf8 25. Bb5 a6 26. Bc6 Ke7 27. Rd1 h6
28. Be3 Nxd7 29. a4 f5 30. f3 f4 31. Bf2 Bf6 32. Kf1 Nb8 33. Rxd8 Kxd8 34.
Bxb6+ Kc8 35. Be4 Nd7 36. Ba5 Bd8 37. Bxd8 Kxd8 38. Bxg6 Nb6 39. Bd3 Nxa4 40.
Bxa6 Nc3 41. Bc4 Nd1 42. Bb3 Ne3+ 43. Kf2 Nf5 44. Bc2 Ne3 45. Bb3 Nf5 46. Be6
Ng3 47. Ke1 Kc7 48. Kd2 Kd6 49. Bf7 Kc6 50. Be8+ Kd5 51. Kd3 Kd6 52. Kc4 Nf1
53. Kb5 Ne3 54. Bf7 Kc7 55. Ka6 Kb8 56. Kb6 Nxg2 57. Kc6 e4 58. fxe4 f3 59. e5
Ne3 60. Bh5 f2 61. Be2 Nc2 62. Kd7 Nd4 63. Bf1 1-0

[Event "Sparkassen-Open A"]
[Site "Heusenstamm, Martinsee"]
[Date "2022.11.19"]
[Round "5.79"]
[White "Abdo, Alan"]
[Black "Vangsgaard, Claus"]
[Result "0-1"]
[WhiteElo "1686"]
[BlackElo "1888"]
[PlyCount "94"]
[EventDate "2022.??.??"]
[WhiteTeam "SC Listiger Bauer Essen-West"]
[BlackTeam "Vejlby-Risskov SK"]

1. b3 f5 2. Bb2 Nf6 3. e3 e6 4. Nf3 d5 5. d4 Be7 6. Nbd2 O-O 7. c4 c6 8. Be2
Ne4 9. O-O Nd7 10. Nxe4 fxe4 11. Ne5 Nxe5 12. dxe5 Rf7 13. Qd4 b6 14. cxd5 cxd5
15. b4 a5 16. a3 Ba6 17. Bxa6 Rxa6 18. b5 Ra8 19. a4 Rc8 20. Rac1 Bc5 21. Qd2
Rfc7 22. Qd1 Bb4 23. Qg4 Qe7 24. Rxc7 Rxc7 25. Rc1 Rxc1+ 26. Bxc1 g6 27. Bb2
Kf7 28. h4 Bc5 29. Qf4+ Ke8 30. Qf6 Qxf6 31. exf6 Bd6 32. g4 e5 33. g5 Kf7 34.
Bc3 h6 35. Kf1 hxg5 36. hxg5 Ke6 37. f4 Bc5 38. Bxe5 Bxe3 39. Ke2 Bc5 40. Kd2
d4 41. Ke2 d3+ 42. Kd2 Bb4+ 43. Ke3 Kd5 44. Bd4 d2 45. Ke2 Kxd4 46. f5 Kc3 47.
Kd1 Kd3 0-1

[Event "Sparkassen-Open A"]
[Site "Heusenstamm, Martinsee"]
[Date "2022.11.19"]
[Round "5.80"]
[White "Fechner, Andreas"]
[Black "Weber, Nikita"]
[Result "0-1"]
[WhiteElo "1875"]
[BlackElo "1441"]
[PlyCount "68"]
[EventDate "2022.??.??"]
[WhiteTeam "Spvgg Böblingen"]
[BlackTeam "Vorw.Orient Mainz"]

1. d4 d5 2. c4 c6 3. Nf3 Nf6 4. Nc3 a6 5. Bf4 Nh5 6. Bd2 Nf6 7. e3 Bg4 8. cxd5
Bxf3 9. Qxf3 cxd5 10. Bd3 Nc6 11. O-O e6 12. Rac1 Bb4 13. g4 e5 14. Qf5 g6 15.
Qg5 Be7 16. Rcd1 Nh5 17. Qxe7+ Qxe7 18. Nxd5 Qd7 19. gxh5 Qxd5 20. Bc3 exd4 21.
exd4 O-O-O 22. h6 Kb8 23. b3 Nxd4 24. Bc4 Qe4 25. Ba1 Nf3+ 26. Kg2 Ng5+ 27. f3
Qc2+ 28. Kg3 Rxd1 29. Bxh8 Rxf1 30. Bxf1 Qf5 31. Bg2 f6 32. h4 Ne6 33. Bg7 Qf4+
34. Kh3 g5 0-1

[Event "Sparkassen-Open A"]
[Site "Heusenstamm, Martinsee"]
[Date "2022.11.19"]
[Round "5.81"]
[White "Faßler, Felix"]
[Black "Armbrust, Matthias"]
[Result "0-1"]
[WhiteElo "1430"]
[BlackElo "1854"]
[PlyCount "76"]
[EventDate "2022.??.??"]
[WhiteTeam "SC Fulda"]
[BlackTeam "TSG 1846 Bretzenheim/ZMO"]

1. e4 c5 2. Nf3 d6 3. Bb5+ Bd7 4. Bxd7+ Qxd7 5. c4 Nc6 6. O-O g6 7. d4 cxd4 8.
Nxd4 Bg7 9. Be3 Nf6 10. f3 O-O 11. Nc3 e6 12. Qd2 Rfd8 13. Rfd1 Rac8 14. b3 d5
15. cxd5 exd5 16. Nxc6 bxc6 17. Rac1 Qe7 18. exd5 cxd5 19. Kh1 Rc7 20. Qf2 Qb4
21. Ne2 Rxc1 22. Rxc1 Nd7 23. Bd4 Ne5 24. Qe3 f6 25. Bxa7 Qa3 26. f4 Nf7 27.
Bb6 Rb8 28. Qe6 Qf8 29. Nd4 Re8 30. Qxd5 Qa3 31. Rd1 Qb4 32. Ba5 Qb8 33. Qf3 f5
34. h3 Re4 35. Ne2 h5 36. Rc1 Qe8 37. Nc3 Re3 38. Qc6 Qxc6 0-1

[Event "Sparkassen-Open A"]
[Site "Heusenstamm, Martinsee"]
[Date "2022.11.19"]
[Round "5.82"]
[White "Mehlen, Theodor"]
[Black "Sarbu, Marc Constantin"]
[Result "1-0"]
[WhiteElo "1827"]
[BlackElo "1557"]
[PlyCount "121"]
[EventDate "2022.??.??"]
[WhiteTeam "SC Matt im Park Ffm"]
[BlackTeam "SV Jedesheim 1921"]

1. e4 d5 2. exd5 Qxd5 3. Nc3 Qd8 4. d4 Nf6 5. Nf3 Bg4 6. Be2 e6 7. h3 Bh5 8.
O-O Bd6 9. Nb5 Be7 10. c4 c6 11. Nc3 O-O 12. Be3 Nbd7 13. Qc2 Qc7 14. Rad1 Rfd8
15. Qc1 Rac8 16. Rfe1 Qb8 17. Nh4 Bxe2 18. Rxe2 b5 19. Bf4 Qb7 20. c5 b4 21.
Nb1 Nd5 22. Bg3 Qa6 23. Ree1 Qxa2 24. Nd2 N7f6 25. Nhf3 Qa6 26. Nc4 Nh5 27. Bd6
Nhf4 28. Bxe7 Nxe7 29. Qc2 Nf5 30. Kh2 Rb8 31. g4 b3 32. Qc1 Ne7 33. Nd6 Nfd5
34. Ng5 Rf8 35. Qd2 h6 36. Nf3 Nc8 37. Ra1 Qxa1 38. Rxa1 Nxd6 39. cxd6 Rb7 40.
Ne5 Rd8 41. d7 f6 42. Nd3 Rbxd7 43. Nc5 Re7 44. Qd1 e5 45. dxe5 fxe5 46. Ne4
Rb8 47. Ra6 Rc7 48. Ra3 Rb4 49. f3 Rcb7 50. Qg1 Rf7 51. Kg3 Nb6 52. Qc5 Rc4 53.
Qxe5 Rc2 54. Rxb3 Nc4 55. Rb8+ Kh7 56. Ng5+ hxg5 57. Qe4+ g6 58. Qxc2 Ne5 59.
Qc3 Rxf3+ 60. Qxf3 Nxf3 61. Kxf3 1-0

[Event "Sparkassen-Open A"]
[Site "Heusenstamm, Martinsee"]
[Date "2022.11.19"]
[Round "5.83"]
[White "Hasselbacher, Uwe"]
[Black "Olson, Philip Christoph"]
[Result "0-1"]
[WhiteElo "1815"]
[BlackElo "1429"]
[PlyCount "80"]
[EventDate "2022.??.??"]
[WhiteTeam "SC Fulda"]
[BlackTeam "SC Bad Nauheim"]

1. d4 Nf6 2. Nf3 g6 3. Bf4 Bg7 4. Nbd2 d6 5. e4 O-O 6. Be2 c5 7. c3 a6 8. a4 b6
9. O-O Bb7 10. Qc2 Qd7 11. d5 e5 12. dxe6 Qxe6 13. Ng5 Qe7 14. Nc4 Nxe4 15.
Nxe4 Bxe4 16. Qd2 Rd8 17. Nxd6 Nc6 18. Rad1 Be5 19. Bc4 Rxd6 20. Qxd6 Bxd6 21.
Bxd6 Qg5 22. Bg3 Na5 23. Be2 f5 24. h4 Qe7 25. Rfe1 Qf7 26. Rd6 f4 27. Bh2 Re8
28. Bxa6 Bb7 29. Be2 Ba6 30. Rd2 Rxe2 31. Rdxe2 Bxe2 32. Rxe2 h6 33. Re4 g5 34.
f3 Qb3 35. hxg5 hxg5 36. g3 fxg3 37. Bxg3 Qxb2 38. Be5 Kf7 39. c4 Qc2 40. Bd6
Qd1+ 0-1

[Event "Sparkassen-Open A"]
[Site "Heusenstamm, Martinsee"]
[Date "2022.11.19"]
[Round "5.84"]
[White "Nagel, Matthias"]
[Black "Reuter, Klaus"]
[Result "1-0"]
[WhiteElo "1763"]
[BlackElo "1599"]
[PlyCount "97"]
[EventDate "2022.??.??"]
[WhiteTeam "SV 1920 Kelsterbach"]
[BlackTeam "vereinslos"]

1. d4 Nf6 2. Nc3 a6 3. e4 d6 4. Bg5 Nbd7 5. Nf3 h6 6. Bh4 g6 7. e5 Nh7 8. Bd3
Bg7 9. e6 Ndf8 10. exf7+ Kxf7 11. Qe2 g5 12. Bg3 Nf6 13. O-O-O c6 14. Nd2 Ne6
15. f4 Nxd4 16. Qf2 Ng4 17. Qf1 Ne3 18. Qe1 Nxd1 19. Qxd1 g4 20. f5 h5 21. Rf1
d5 22. Bh4 Bf6 23. Bxf6 exf6 24. Rf4 Nb5 25. Ne2 Qc7 26. h3 gxh3 27. gxh3 c5
28. c4 Nd4 29. Rf2 Nxe2+ 30. Qxe2 b5 31. cxd5 c4 32. Be4 c3 33. Nb3 cxb2+ 34.
Kb1 Qe5 35. Nc5 Ra7 36. Ne6 Bb7 37. Rg2 Rh7 38. Qf3 Ra8 39. Rxb2 Rc8 40. Rc2
Rxc2 41. Kxc2 Ke8 42. Qg2 Rc7+ 43. Nxc7+ Qxc7+ 44. Kb1 Qf7 45. d6 Bxe4+ 46.
Qxe4+ Kf8 47. Qa8+ Kg7 48. Qc6 Qa7 49. Qc7+ 1-0

[Event "Sparkassen-Open A"]
[Site "Heusenstamm, Martinsee"]
[Date "2022.11.19"]
[Round "5.85"]
[White "Nahler, Michael"]
[Black "Rotermund, Verena"]
[Result "0-1"]
[WhiteElo "1825"]
[BlackElo "1585"]
[PlyCount "54"]
[EventDate "2022.??.??"]
[WhiteTeam "SV Oberursel"]
[BlackTeam "Vorw.Orient Mainz"]

1. e4 e6 2. d4 d5 3. Nd2 c5 4. exd5 exd5 5. Bb5+ Nc6 6. Qe2+ Be7 7. dxc5 Nf6 8.
Ngf3 O-O 9. O-O Bxc5 10. Nb3 Bb6 11. Bg5 Bg4 12. c3 Re8 13. Qd3 a6 14. Ba4 Bc7
15. Nbd4 Qd6 16. g3 Re4 17. Rfe1 Rae8 18. Bc2 Nxd4 19. cxd4 Bxf3 20. Qc3 Rxe1+
21. Rxe1 Rxe1+ 22. Qxe1 Qe6 23. Qc3 Qc6 24. Qxf3 Qxc2 25. Bxf6 gxf6 26. Qxd5
Qc1+ 27. Kg2 Qc6 0-1

[Event "Sparkassen-Open A"]
[Site "Heusenstamm, Martinsee"]
[Date "2022.11.19"]
[Round "5.87"]
[White "Fanin, Erik"]
[Black "Groß, Phillip"]
[Result "1/2-1/2"]
[WhiteElo "1850"]
[BlackElo "1669"]
[PlyCount "114"]
[EventDate "2022.??.??"]
[WhiteTeam "SK König Tegel 1949"]
[BlackTeam "Spvgg Böblingen"]

1. e4 c6 2. d4 d5 3. exd5 cxd5 4. Bd3 Nc6 5. c3 Qc7 6. h3 g6 7. Nf3 Bg7 8. O-O
Nh6 9. Re1 O-O 10. Qb3 Rd8 11. Na3 Be6 12. Nb5 Qb8 13. Ne5 Nxe5 14. dxe5 d4 15.
Bc4 Bxc4 16. Qxc4 dxc3 17. Nxc3 Qc8 18. Qxc8 Raxc8 19. g4 Rd3 20. Kg2 Kf8 21.
Be3 a6 22. Rad1 Rcd8 23. Rc1 Ng8 24. Bf4 e6 25. Ne4 Ne7 26. Bg3 Nd5 27. Rc2 h5
28. Nc5 Nb4 29. Rc4 R3d4 30. Re4 Rxe4 31. Rxe4 Nc6 32. b3 hxg4 33. hxg4 Rd5 34.
Rc4 Bxe5 35. Nxb7 Bxg3 36. Rxc6 Bh4 37. Rxa6 Rd2 38. a4 Bxf2 39. a5 Ra2 40. Kf3
Be1 41. Rc6 Bb4 42. Rb6 Bc3 43. a6 Bd4 44. Rc6 e5 45. b4 f5 46. gxf5 gxf5 47.
Nc5 Ra3+ 48. Ke2 Bxc5 49. Rxc5 Rxa6 50. Rxe5 Rb6 51. b5 Kf7 52. Ke3 Re6 53. Kd4
Rxe5 54. Kxe5 Ke7 55. Kxf5 Kd6 56. b6 Kc6 57. Kg4 Kxb6 1/2-1/2

[Event "Sparkassen-Open A"]
[Site "Heusenstamm, Martinsee"]
[Date "2022.11.19"]
[Round "5.88"]
[White "Kissel, Tom"]
[Black "Hilbenz, Guntram"]
[Result "1-0"]
[WhiteElo "1660"]
[BlackElo "1829"]
[PlyCount "49"]
[EventDate "2022.??.??"]
[WhiteTeam "SF Sailauf"]
[BlackTeam "SC Bad Nauheim"]

1. c4 c6 2. g3 d5 3. cxd5 cxd5 4. d4 Nf6 5. Nc3 Nc6 6. Bg2 Bf5 7. Bf4 a6 8. Nf3
e6 9. Qb3 Be7 10. Qxb7 Na5 11. Qc7 O-O 12. O-O Rc8 13. Qxd8 Rfxd8 14. Nh4 Ne4
15. Nxf5 exf5 16. Rac1 Nc4 17. Nxe4 fxe4 18. Bh3 Rc6 19. b3 Na5 20. Rxc6 Nxc6
21. Bc7 Rf8 22. e3 f5 23. Rc1 Nb4 24. Be5 g6 25. Rc7 1-0

[Event "Sparkassen-Open A"]
[Site "Heusenstamm, Martinsee"]
[Date "2022.11.19"]
[Round "5.89"]
[White "John, Volkmar"]
[Black "Koholka, Jan"]
[Result "0-1"]
[WhiteElo "1642"]
[BlackElo "1750"]
[PlyCount "50"]
[EventDate "2022.??.??"]
[WhiteTeam "SK Herborn 1946"]
[BlackTeam "SK Langen"]

1. c4 c5 2. g3 Nc6 3. Bg2 Nf6 4. Nc3 g6 5. Nf3 Bg7 6. d4 cxd4 7. Nxd4 O-O 8.
O-O a6 9. e4 Nxd4 10. Qxd4 d6 11. Qd3 Qc7 12. Nd5 Nxd5 13. exd5 Bf5 14. Qe2
Rfe8 15. Be3 Rac8 16. Rac1 Qa5 17. b3 Rc7 18. a4 Bd7 19. f4 b5 20. Qf2 Rb8 21.
cxb5 Rxc1 22. Rxc1 axb5 23. f5 Rc8 24. Rxc8+ Bxc8 25. Qc2 Qe1+ 0-1

[Event "Sparkassen-Open A"]
[Site "Heusenstamm, Martinsee"]
[Date "2022.11.19"]
[Round "5.90"]
[White "Kosak, Matjaz"]
[Black "Hering, Sven"]
[Result "0-1"]
[WhiteElo "1749"]
[BlackElo "1908"]
[PlyCount "118"]
[EventDate "2022.??.??"]
[WhiteTeam "SV Frankfurt Nord 1926"]
[BlackTeam "VfB 07 Lettin"]

1. e4 c5 2. c3 Nf6 3. e5 Nd5 4. Nf3 Nc6 5. Bc4 Nb6 6. Bb3 d6 7. exd6 Qxd6 8.
O-O Bf5 9. d4 cxd4 10. cxd4 Rd8 11. Be3 e6 12. Nc3 Be7 13. a4 O-O 14. h3 Nb4
15. Ne5 N6d5 16. Qf3 a6 17. Rac1 Qb8 18. g4 Bg6 19. Rfd1 Bd6 20. Nxd5 Nxd5 21.
Bxd5 exd5 22. Qxd5 Rfe8 23. Qb3 Be4 24. Qxf7+ Kh8 25. f4 a5 26. Qc4 Bxe5 27.
dxe5 Bc6 28. Bb6 Rc8 29. Qd4 Qa8 30. f5 Bf3 31. Rxc8 Qxc8 32. Qd8 Bxd1 33. Qxd1
Rxe5 34. Qd2 Qc6 35. Bd4 Rd5 36. Qf4 Qd6 37. Qxd6 Rxd6 38. Bc3 Kg8 39. Kf2 Kf7
40. Ke3 Rd8 41. Bxa5 Ra8 42. b4 Ra6 43. Bc7 Rxa4 44. b5 Ra3+ 45. Kf4 Rxh3 46.
g5 Rc3 47. b6 Rc6 48. Kg4 Rc1 49. Kf4 Rg1 50. Bd8 Rg2 51. Bc7 Rd2 52. Be5 Rd1
53. Kg4 Rh1 54. Kf4 Rh4+ 55. Kg3 Rb4 56. Bc7 h6 57. gxh6 gxh6 58. Bf4 Rxb6 59.
Kh4 Rb4 0-1

[Event "Sparkassen-Open A"]
[Site "Heusenstamm, Martinsee"]
[Date "2022.11.19"]
[Round "5.91"]
[White "Peter, Laurenz"]
[Black "Minor, Dieter"]
[Result "1-0"]
[WhiteElo "1851"]
[BlackElo "1817"]
[PlyCount "67"]
[EventDate "2022.??.??"]
[WhiteTeam "SG Kaarst 1912/35"]
[BlackTeam "Wiesbadener SV 1885"]

1. d4 d5 2. Nf3 Nf6 3. c4 c6 4. g3 Bf5 5. Bg2 e6 6. O-O Be7 7. Nc3 O-O 8. Nd2
Nbd7 9. e4 dxe4 10. Ndxe4 Nxe4 11. Bxe4 Bxe4 12. Nxe4 Nf6 13. Nc3 Qc7 14. Qe2
Rad8 15. Rd1 Qa5 16. a3 Qf5 17. b4 Qh3 18. Bf4 Nh5 19. Be3 f5 20. f4 Nxg3 21.
hxg3 Qxg3+ 22. Kf1 Bh4 23. Rd3 Bf6 24. Rad1 Qg6 25. Bf2 Be7 26. d5 Kf7 27.
Qxe6+ Qxe6 28. dxe6+ Kxe6 29. Rxd8 Bxd8 30. Bc5 Rg8 31. Rd6+ Kf7 32. Rd7+ Kg6
33. Rxb7 Bh4 34. Rxa7 1-0

[Event "Sparkassen-Open A"]
[Site "Heusenstamm, Martinsee"]
[Date "2022.11.20"]
[Round "6.1"]
[White "Korneev, Oleg"]
[Black "Safarli, Eltaj"]
[Result "1/2-1/2"]
[WhiteElo "2470"]
[BlackElo "2616"]
[PlyCount "27"]
[EventDate "2022.??.??"]
[WhiteTeam "vereinslos"]
[BlackTeam "vereinslos"]

1. d4 Nf6 2. c4 e6 3. Nf3 d5 4. g3 Be7 5. Bg2 O-O 6. O-O dxc4 7. Qa4 a6 8. Qxc4
b5 9. Qc2 Bb7 10. Bd2 Be4 11. Qc1 Bb7 12. Qc2 Be4 13. Qc1 Bb7 14. Qc2 1/2-1/2